| 000 | 00000nam##2200000za#4500 |
| 001 | 9.604460 |
| 003 | CaOODSP |
| 005 | 20250403105157 |
| 007 | cr ||||||||||| |
| 008 | 150406|1998||||xxc|||||o f|0| 0 fre|d |
| 022 | |a1205-9161 |
| 040 | |aCaOODSP|bfre |
| 043 | |an-cn--- |
| 086 | 1 |aCS11-0019/116F-PDF |
| 245 | 03|aLe point sur l'inégalité des gains et sur la rénumération des jeunes durant les années 90 / |h[ressource électronique]|cpar Garnett Picot. |
| 260 | |aOttawa - Ontario : |bStatistique Canada |cJuillet 1998. |
| 300 | |a46p.|bgraphiques, références, tableaux |
| 490 | 1 |aDocuments de recherche - Direction des études analytiques|x1205-9161|vN° 116 |
| 500 | |aLe n° de catalogue (11F0019MPF), l'ISBN (0-660-95998-4) et l'ISSN (1200-5231) de l'édition imprimée ont été incorrectement copiés dans l'édition électronique. |
| 590 | |a12-34-Supp|b2012-07-31 |
| 710 | 2 |aStatistique Canada. |
| 720 | 1 |aPicot, Garnett |
| 775 | 08|tWhat is happening to earnings inequality and youth wages in the 1990s? / |w(CaOODSP)9.574725 |
| 830 | #0|aDocuments de recherche (Statistique Canada. Direction des études analytiques)|x1205-9161|vN° 116|w(CaOODSP)9.500842 |
| 856 | 40|ahttp://publications.gc.ca|qPDF|s187 Ko|uhttps://publications.gc.ca/collections/Collection/CS11-0019-116F.pdf|yN° 116 |